Catálogo de las obras de arte en la colección del Ateneo Puertorriqueño : (Record no. 189544)

MARC details
000 -LEADER
campo de control de longitud fija 01695nam a2200361 i 4500
001 - NÚMERO DE CONTROL
campo de control 189544
003 - IDENTIFICADOR DE NÚMERO DE CONTROL
campo de control ES-MaACL
005 - FECHA Y HORA DE LA ÚLTIMA TRANSACCIÓN
campo de control 20250728063139.0
008 - DATOS DE LONGITUD FIJA--INFORMACIÓN GENERAL
campo de control de longitud fija 190610s1996 pr a c |||| | spa d
020 ## - NÚMERO INTERNACIONAL ESTÁNDAR DEL LIBRO
Número Internacional Estándar del Libro 1-881703-05-3
080 ## - NÚMERO DE LA CLASIFICACIÓN DECIMAL UNIVERSAL
Número de la Clasificación Decimal Universal 7(729.5)
245 00 - MENCIÓN DEL TÍTULO
Título Catálogo de las obras de arte en la colección del Ateneo Puertorriqueño :
Resto del título colección de arte Ateneo Puertorriqueño /
Mención de responsabilidad, etc. [textos, Arturo Dávila, Osiris Delgado, Myrna Rodríguez].
246 1# - FORMA VARIANTE DEL TITULO
Título propio/Titulo breve Colección de arte Ateneo Puertorriqueño
250 ## - MENCION DE EDICION
Mención de edición 1ª ed.
260 ## - PUBLICACIÓN, DISTRIBUCIÓN, ETC.
Lugar de publicación, distribución, etc. San Juan, Puerto Rico :
Nombre del editor, distribuidor, etc. Ateneo Puertorriqueño,
Fecha de publicación, distribución, etc. 1996
300 ## - DESCRIPCIÓN FÍSICA
Extensión 224 páginas :
Otras características físicas ilustraciones (negro y color) ;
Dimensiones 29 cm
Material acompañante/anejo
500 ## - NOTA GENERAL
Nota general Catalogación provisional. Signatura: N 8604. Depósito J.
505 0# - NOTA DE CONTENIDO CON FORMATO
Nota de contenido con formato Siglo XVIII y XIX: Campeche. Atiles. Oller; Siglo XX: Pintura. Acuarela. Dibujo... Puertorriqueños ilustres ; Apéndice: Lista de premios del Ateneo
610 24 - PUNTO DE ACCESO ADICIONAL DE MATERIA--NOMBRE DE ENTIDAD CORPORATIVA
Nombre de entidad corporativa o nombre de jurisdicción como elemento de entrada Ateneo Puertorriqueño-
Subdivisión general Colecciones de arte
9 (RLIN) 167331
650 #7 - PUNTO DE ACCESO ADICIONAL DE MATERIA--TÉRMINO DE MATERIA
Término de materia o nombre geográfico como elemento de entrada Arte puertorriqueño
Fuente del encabezamiento o término embne
9 (RLIN) 167332
700 1# - ENTRADA AGREGADA--NOMBRE PERSONAL
Nombre de persona Dávila Rodríguez, Arturo,
Fechas asociadas al nombre 1929-2018
Término indicativo de función/relación Autor
9 (RLIN) 241404
700 1# - ENTRADA AGREGADA--NOMBRE PERSONAL
Nombre de persona Delgado Mercado, Osiris,
Fechas asociadas al nombre 1920-2017
Término indicativo de función/relación Autor
9 (RLIN) 43469
700 1# - ENTRADA AGREGADA--NOMBRE PERSONAL
Nombre de persona Rodríguez Vega, Myrna,
Fechas asociadas al nombre 1940-2020
Término indicativo de función/relación Autor
9 (RLIN) 241405
710 2# - ENTRADA AGREGADA--NOMBRE DE ENTIDAD CORPORATIVA
Nombre de entidad corporativa o nombre de jurisdicción como elemento de entrada Ateneo Puertorriqueño
Término indicativo de función/relación entidad responsable
-- Editor
9 (RLIN) 2054
852 ## - LOCALIZACIÓN
Ubicación ES-MaACL
Ubicación en estantería Depósito 2
Número de control de estantería L-32440
itemnumber 196686
852 ## - LOCALIZACIÓN
Ubicación ES-MaACL
Ubicación en estantería Depósito 2
Número de control de estantería E-10153
itemnumber 196685
852 ## - LOCALIZACIÓN
Ubicación ES-MaACL
Ubicación en estantería Depósito J
Donativo/Legado Donativo Ateneo Puertorriqueño
Número de control de estantería N-8604
Nota libre En proceso
itemnumber 200481
914 ## - NOMBRE ENTIDAD DE DONANTE
RLIN 2054
Nombre de congreso/reunión o jurisdicción como elemento de entrada Ateneo Puertorriqueño
Unidad subordinada Donante
942 ## - ELEMENTOS DE ENTRADA SECUNDARIOS (KOHA)
Fuente del sistema de clasificación o colocación Clasificación decimal universal
Tipo de ítem Koha Libro impreso
Suprimir en OPAC No
Holdings
Estatus retirado Estado de pérdida Fuente del sistema de clasificación o colocación Estado de daño No para préstamo Biblioteca de origen Biblioteca actual Ubicación en estantería Fecha de adquisición Total de préstamos Signatura topográfica completa Código de barras Visto por última vez Tipo de ítem Koha Restricciones de uso Fuente de adquisición
    Clasificación decimal universal     Biblioteca del Ateneo de Madrid Biblioteca del Ateneo de Madrid Depósito 2 10/06/2019   E-10153 1200842 23/02/2023 Libro impreso    
    Clasificación decimal universal     Biblioteca del Ateneo de Madrid Biblioteca del Ateneo de Madrid Depósito 2 10/06/2019   L-32440 1200841 23/02/2023 Libro impreso Duplicado  
    Clasificación decimal universal     Biblioteca del Ateneo de Madrid Biblioteca del Ateneo de Madrid Depósito J 03/09/2023   N-8604 101205775 03/09/2023 Libro impreso Duplicado Donación